00341nam a2200133Ia 4500008004100000041000800041082001400049100001800063245004100081250001400122260002800136300003200164365001100196240624s9999 xx 000 0 und d aeng a658.5 BED aBEDI KANISHKA aPRODUCTION AND OPERATIONS MANAGEMENT a(3rd ed.) c2013aNew DelhibOxford axxii, : 680 : p. : cm. ; 26 cRSb31